000 01495cam a22003614a 4500
001 13592891
003 OSt
005 20140310182049.0
008 040514s2005 nyua j b 001 0deng
010 _a 2004011368
020 _a1404203125 (library binding)
040 _aDLC
_cDLC
_dDLC
042 _apcc
050 0 0 _aQP 624
_b.M366 2005
082 0 0 _aHS 572.86
_b M36 2005
100 1 _aMarx, Christy.
_911856
245 1 0 _aWatson and Crick and DNA /
_cChristy Marx.
250 _a1st ed.
260 _aNew York :
_bRosen Central Primary Source,
_cc2005.
300 _a64 p. :
_bill. ;
_c27 cm.
440 0 _aPrimary sources of revolutionary scientific discoveries and theories
_911857
504 _aIncludes bibliographical references (p. 60-61) and index.
505 0 _aIntroduction : the human mystery -- Two unusual men -- The world of the 1950s -- Ups and downs -- The pieces come together -- The basics of DNA -- The years that followed -- How DNA is used today.
600 1 0 _aCrick, Francis,
_d1916-2004
_vJuvenile literature.
_911858
600 1 0 _aWatson, James D.,
_d1928-
_vJuvenile literature.
_911859
650 0 _aDNA
_xResearch
_xHistory
_vJuvenile literature.
_911860
650 0 _aMolecular biologists
_vBiography
_vJuvenile literature.
_911861
906 _a7
_bcbc
_corignew
_d1
_eecip
_f20
_gy-gencatlg
942 _2lcc
_cHS
999 _c8931
_d8931